Hán Nôm

Guardat en:
Dades bibliogràfiques
Format: Llibre
Idioma:Undetermined
Publicat: Hà Nội Viện nghiên cứu Hán Nôm 2018
Matèries:
Etiquetes: Afegir etiqueta
Sense etiquetes, Sigues el primer a etiquetar aquest registre!
Thư viện lưu trữ: Trung tâm Học liệu Trường Đại học Cần Thơ
LEADER 00507nam a2200181Ia 4500
001 CTU_235103
008 210402s9999 xx 000 0 und d
020 |c 30000 
082 |a 495.1 
082 |b H105 
245 0 |a Hán Nôm 
245 0 |c Viện nghiên cứu Hán Nôm 
260 |a Hà Nội 
260 |b Viện nghiên cứu Hán Nôm 
260 |c 2018 
650 |a Chinese language,Tiếng Hoa 
904 |i T.Trang 
980 |a Trung tâm Học liệu Trường Đại học Cần Thơ